000
00271 a2200145 4500
001
172323
020
_a
040
_c
Magnum
100
_a
Málus
240
1
0
_a
Joao, o feijao
_l
por
245
1
0
_a
Joao, o feijao
362
0
_a
1899
697
_a
I/GERAL
942
_c
BK
999
_c
172323
_d
172323